Sobre los ángeles (Record no. 21546)

MARC details
000 -LEADER
campo de control de longitud fija 00613nam a2200181 i 4500
001 - NÚMERO DE CONTROL
campo de control 21546
003 - IDENTIFICADOR DE NÚMERO DE CONTROL
campo de control ES-MaACL
005 - FECHA Y HORA DE LA ÚLTIMA TRANSACCIÓN
campo de control 20250430203728.0
007 - CAMPO FIJO DE DESCRIPCIÓN FÍSICA--INFORMACIÓN GENERAL
campo de control de longitud fija t|
008 - DATOS DE LONGITUD FIJA--INFORMACIÓN GENERAL
campo de control de longitud fija 021126s1929 sp 0011p spa d
080 ## - NÚMERO DE LA CLASIFICACIÓN DECIMAL UNIVERSAL
Número de la Clasificación Decimal Universal 821.134.2-14"19"
100 1# - ENTRADA PRINCIPAL--NOMBRE DE PERSONA
Nombre de persona Alberti, Rafael,
Fechas asociadas al nombre 1902-1999
9 (RLIN) 240174
245 10 - MENCIÓN DEL TÍTULO
Título Sobre los ángeles
Resto del título : (1927-1928) /
Mención de responsabilidad, etc. Rafael Alberti.
260 ## - PUBLICACIÓN, DISTRIBUCIÓN, ETC.
Lugar de publicación, distribución, etc. Madrid :
Nombre del editor, distribuidor, etc. Compañía Ibero-Americana de Publicaciones,
Fecha de publicación, distribución, etc. [1929] (
Fabricante Blass)
300 ## - DESCRIPCIÓN FÍSICA
Extensión 181 p. ;
Dimensiones 20 cm.
852 4# - LOCALIZACIÓN
Ubicación ES-MaACL
Número de control de estantería R-3320
Encuadernación Olim: B-3038
Nota libre - Sello: Donativo Amigos del Ateneo 1929
Holdings
Estatus retirado Estado de pérdida Estado de daño No para préstamo Biblioteca de origen Biblioteca actual Ubicación en estantería Fecha de adquisición Fuente de adquisición Total de préstamos Signatura topográfica completa Código de barras Visto por última vez Precio de reemplazo Tipo de ítem Koha
        Biblioteca del Ateneo de Madrid Biblioteca del Ateneo de Madrid Depósito 17/01/2008     R-3320 1022143 23/02/2023 23/02/2023 Libro impreso